Planimetría general de Madrid / (Record no. 5717)

MARC details
000 -LEADER
campo de control de longitud fija 01186nam a2200301 i 4500
001 - NÚMERO DE CONTROL
campo de control 5717
003 - IDENTIFICADOR DE NÚMERO DE CONTROL
campo de control ES-MaACL
005 - FECHA Y HORA DE LA ÚLTIMA TRANSACCIÓN
campo de control 20250302192022.0
007 - CAMPO FIJO DE DESCRIPCIÓN FÍSICA--INFORMACIÓN GENERAL
campo de control de longitud fija t|
008 - DATOS DE LONGITUD FIJA--INFORMACIÓN GENERAL
campo de control de longitud fija 890425s1988 sp e |||| | spa d
020 ## - NÚMERO INTERNACIONAL ESTÁNDAR DEL LIBRO
Número Internacional Estándar del Libro 84-86938-01-5
080 ## - NÚMERO DE LA CLASIFICACIÓN DECIMAL UNIVERSAL
Número de la Clasificación Decimal Universal 513.1(464.1)"17"
080 ## - NÚMERO DE LA CLASIFICACIÓN DECIMAL UNIVERSAL
Número de la Clasificación Decimal Universal 711(464.1)"17"
080 ## - NÚMERO DE LA CLASIFICACIÓN DECIMAL UNIVERSAL
Número de la Clasificación Decimal Universal 9(464.1)"17"
100 1# - ENTRADA PRINCIPAL--NOMBRE DE PERSONA
Nombre de persona Ribas, Antonio de las.
9 (RLIN) 96718
245 10 - MENCIÓN DEL TÍTULO
Título Planimetría general de Madrid /
Mención de responsabilidad, etc. Antonio de las Ribas delineavit.
260 ## - PUBLICACIÓN, DISTRIBUCIÓN, ETC.
Lugar de publicación, distribución, etc. [Madrid] :
Nombre del editor, distribuidor, etc. Tabapress para Tabacalera,
Fecha de publicación, distribución, etc. 1988.
300 ## - DESCRIPCIÓN FÍSICA
Extensión 2 v. :
Otras características físicas planos ;
Dimensiones 35 cm + 1 plano.
500 ## - NOTA GENERAL
Nota general Reprod. de los planos originales, realizados entre 1757 y 1767, que se conservan en el Archivo General de Simancas.
500 ## - NOTA GENERAL
Nota general En anejo: Plano geométrico de Madrid realizado por Tomás López (1731-1802) en 1785.
505 8# - NOTA DE CONTENIDO CON FORMATO
Nota de contenido con formato Contiene: 1 ;
Título Planos - 2 ;
-- Asientos
600 14 - PUNTO DE ACCESO ADICIONAL DE MATERIA--NOMBRE DE PERSONA
Nombre de persona Ribas, Antonio de las.
Título de la obra Planimetría general de Madrid-
Subdivisión de forma Facsímiles.
9 (RLIN) 96719
651 #4 - PUNTO DE ACCESO ADICIONAL DE MATERIA--NOMBRE GEOGRÁFICO
Nombre geográfico Madrid-
Subdivisión general Planos-
Subdivisión cronológica S.XVIII.
9 (RLIN) 8978
700 0# - ENTRADA AGREGADA--NOMBRE PERSONAL
Nombre de persona López, Tomás,
Fechas asociadas al nombre 1730?-1802
9 (RLIN) 73373
710 2# - ENTRADA AGREGADA--NOMBRE DE ENTIDAD CORPORATIVA
Nombre de entidad corporativa o nombre de jurisdicción como elemento de entrada Tabacalera S.A.
9 (RLIN) 6900
852 ## - LOCALIZACIÓN
Ubicación ES-MaACL
Número de control de estantería L-12557-58
Nota libre - Enc. guafl. con hierros dorados
Holdings
Estatus retirado Estado de pérdida Estado de daño No para préstamo Biblioteca de origen Biblioteca actual Ubicación en estantería Fecha de adquisición Fuente de adquisición Total de préstamos Signatura topográfica completa Código de barras Visto por última vez Precio de reemplazo Tipo de ítem Koha
        Biblioteca del Ateneo de Madrid Biblioteca del Ateneo de Madrid Depósito 2 17/01/2008     L-12557-58 1005798 23/02/2023 23/02/2023 Libro impreso